[Event "ODJM B 2025"]
[Site "Willingen GER"]
[Date "2025.06.14"]
[Round "9"]
[White "Dominik, Anton"]
[Black "Tabales, Lennart"]
[Result "0-1"]
[Termination "normal"]
[Board "4"]
[WhiteElo "2015"]
[BlackElo "1775"]
[WhiteClock "00:01:10"]
[BlackClock "00:10:54"]
[PlyCount "104"]
[WhiteFideId "34694501"]
[BlackFideId "34604057"]
[EventCountry "GER"]
[EventRounds "9"]
[EventType "swiss"]
[EventDate "2025.06.07"]

1. e4 {[%clk 01:30:41]} {[%emt 00:00:18]} c5 {[%clk 01:30:56]} {[%emt
00:00:05]} 2. Nf3 {[%clk 01:31:00]} {[%emt 00:00:11]} d6 {[%clk 01:31:21]}
{[%emt 00:00:05]} 3. d4 {[%clk 01:31:23]} {[%emt 00:00:07]} cxd4 {[%clk
01:31:47]} {[%emt 00:00:04]} 4. Nxd4 {[%clk 01:31:47]} {[%emt 00:00:06]} Nf6
{[%clk 01:32:12]} {[%emt 00:00:05]} 5. Nc3 {[%clk 01:32:11]} {[%emt 00:00:06]}
a6 {[%clk 01:32:39]} {[%emt 00:00:03]} 6. h3 {[%clk 01:32:22]} {[%emt
00:00:18]} e6 {[%clk 01:31:46]} {[%emt 00:01:23]} 7. g4 {[%clk 01:28:18]}
{[%emt 00:04:33]} h6 {[%clk 01:29:05]} {[%emt 00:03:12]} 8. Bg2 {[%clk
01:27:47]} {[%emt 00:01:00]} Qc7 {[%clk 01:25:17]} {[%emt 00:04:18]} 9. Be3
{[%clk 01:23:33]} {[%emt 00:04:43]} Nc6 {[%clk 01:20:14]} {[%emt 00:05:33]} 10.
Qd2 {[%clk 01:19:31]} {[%emt 00:04:33]} Bd7 {[%clk 01:06:07]} {[%emt 00:14:38]}
11. O-O-O {[%clk 01:02:01]} {[%emt 00:17:59]} Ne5 {[%clk 00:59:59]} {[%emt
00:06:39]} 12. f4 {[%clk 00:43:23]} {[%emt 00:19:07]} Nc4 {[%clk 01:00:16]}
{[%emt 00:00:13]} 13. Qe2 {[%clk 00:41:58]} {[%emt 00:01:55]} Rc8 {[%clk
00:55:30]} {[%emt 00:05:16]} 14. Bd2 {[%clk 00:41:14]} {[%emt 00:01:14]} b5
{[%clk 00:48:21]} {[%emt 00:07:40]} 15. e5 {[%clk 00:33:38]} {[%emt 00:08:05]}
dxe5 {[%clk 00:41:54]} {[%emt 00:06:58]} 16. fxe5 {[%clk 00:33:32]} {[%emt
00:00:37]} Ng8 {[%clk 00:40:40]} {[%emt 00:01:43]} 17. Rhf1 {[%clk 00:25:12]}
{[%emt 00:08:49]} b4 {[%clk 00:35:08]} {[%emt 00:06:03]} 18. Nd5 {[%clk
00:17:43]} {[%emt 00:07:59]} Qb8 {[%clk 00:18:10]} {[%emt 00:17:28]} 19. Qf2
{[%clk 00:16:32]} {[%emt 00:01:40]} Nxe5 {[%clk 00:17:36]} {[%emt 00:01:05]}
20. Bf4 {[%clk 00:14:25]} {[%emt 00:02:37]} Nf6 {[%clk 00:17:29]} {[%emt
00:00:36]} 21. Bxe5 {[%clk 00:10:33]} {[%emt 00:04:23]} Qxe5 {[%clk 00:17:47]}
{[%emt 00:00:12]} 22. Nxf6+ {[%clk 00:10:46]} {[%emt 00:00:17]} gxf6 {[%clk
00:16:12]} {[%emt 00:02:05]} 23. Qxf6 {[%clk 00:08:45]} {[%emt 00:02:30]} Qxf6
{[%clk 00:15:53]} {[%emt 00:00:49]} 24. Rxf6 {[%clk 00:09:06]} {[%emt
00:00:09]} Bg7 {[%clk 00:15:50]} {[%emt 00:00:34]} 25. Rf2 {[%clk 00:09:05]}
{[%emt 00:00:31]} Rc7 {[%clk 00:13:50]} {[%emt 00:02:30]} 26. Kb1 {[%clk
00:06:42]} {[%emt 00:02:53]} O-O {[%clk 00:12:13]} {[%emt 00:02:07]} 27. Rfd2
{[%clk 00:06:06]} {[%emt 00:01:05]} Rfc8 {[%clk 00:11:58]} {[%emt 00:00:45]}
28. Be4 {[%clk 00:05:48]} {[%emt 00:00:47]} Kf8 {[%clk 00:10:47]} {[%emt
00:01:41]} 29. Ne2 {[%clk 00:04:11]} {[%emt 00:02:08]} Ke7 {[%clk 00:10:15]}
{[%emt 00:01:02]} 30. Nf4 {[%clk 00:03:57]} {[%emt 00:00:43]} Ba4 {[%clk
00:09:40]} {[%emt 00:01:06]} 31. b3 {[%clk 00:02:45]} {[%emt 00:01:42]} Bb5
{[%clk 00:09:46]} {[%emt 00:00:23]} 32. Bd3 {[%clk 00:02:03]} {[%emt 00:01:13]}
Bxd3 {[%clk 00:09:16]} {[%emt 00:01:00]} 33. Nxd3 {[%clk 00:02:10]} {[%emt
00:00:23]} Rd8 {[%clk 00:06:59]} {[%emt 00:02:46]} 34. Nb2 {[%clk 00:01:35]}
{[%emt 00:01:06]} Rcd7 {[%clk 00:06:57]} {[%emt 00:00:33]} 35. Nc4 {[%clk
00:01:24]} {[%emt 00:00:41]} Rxd2 {[%clk 00:07:07]} {[%emt 00:00:20]} 36. Rxd2
{[%clk 00:01:47]} {[%emt 00:00:06]} Rxd2 {[%clk 00:07:32]} {[%emt 00:00:06]}
37. Nxd2 {[%clk 00:02:08]} {[%emt 00:00:08]} Kd6 {[%clk 00:06:03]} {[%emt
00:02:00]} 38. Kc1 {[%clk 00:01:13]} {[%emt 00:01:25]} Ke5 {[%clk 00:06:15]}
{[%emt 00:00:18]} 39. Kd1 {[%clk 00:00:47]} {[%emt 00:00:56]} Kf4 {[%clk
00:06:28]} {[%emt 00:00:17]} 40. Ke2 {[%clk 00:00:51]} {[%emt 00:00:25]} Kg3
{[%clk 00:06:03]} {[%emt 00:00:55]} 41. Ne4+ {[%clk 00:25:09]} {[%emt
00:06:12]} Kxh3 {[%clk 00:34:29]} {[%emt 00:02:03]} 42. Kf3 {[%clk 00:25:28]}
{[%emt 00:00:11]} Be5 {[%clk 00:28:09]} {[%emt 00:06:50]} 43. Nc5 {[%clk
00:22:18]} {[%emt 00:03:41]} Kh2 {[%clk 00:25:43]} {[%emt 00:02:56]} 44. Ne4
{[%clk 00:19:18]} {[%emt 00:03:30]} Kg1 {[%clk 00:21:41]} {[%emt 00:04:31]} 45.
Nd2 {[%clk 00:16:42]} {[%emt 00:03:06]} Bc7 {[%clk 00:21:00]} {[%emt 00:01:11]}
46. Ne4 {[%clk 00:15:04]} {[%emt 00:02:08]} f5 {[%clk 00:16:54]} {[%emt
00:04:37]} 47. gxf5 {[%clk 00:14:54]} {[%emt 00:00:39]} exf5 {[%clk 00:16:19]}
{[%emt 00:01:05]} 48. Nf2 {[%clk 00:13:27]} {[%emt 00:01:57]} f4 {[%clk
00:14:28]} {[%emt 00:02:21]} 49. Ne4 {[%clk 00:03:34]} {[%emt 00:10:23]} h5
{[%clk 00:11:16]} {[%emt 00:03:42]} 50. c4 {[%clk 00:02:05]} {[%emt 00:01:58]}
bxc3 {[%clk 00:10:49]} {[%emt 00:00:57]} 51. Nxc3 {[%clk 00:02:25]} {[%emt
00:00:10]} h4 {[%clk 00:10:54]} {[%emt 00:00:26]} 52. Ne4 {[%clk 00:01:10]}
{[%emt 00:01:44]} h3 {[%emt 00:03:02]} 0-1

[Event "ODJM B 2025"]
[Site "Willingen GER"]
[Date "2025.06.14"]
[Round "9"]
[White "John, Linnea"]
[Black "Schächtelin, Jakob"]
[Result "0-1"]
[Termination "normal"]
[Board "5"]
[WhiteElo "1631"]
[BlackElo "1811"]
[WhiteClock "00:03:43"]
[BlackClock "00:34:56"]
[PlyCount "100"]
[WhiteFideId "34623680"]
[BlackFideId "34620834"]
[EventCountry "GER"]
[EventRounds "9"]
[EventType "swiss"]
[EventDate "2025.06.07"]

1. e4 {[%clk 01:30:57]} {[%emt 00:00:02]} c5 {[%clk 01:30:57]} {[%emt
00:00:03]} 2. Nf3 {[%clk 01:31:14]} {[%emt 00:00:13]} d6 {[%clk 01:31:21]}
{[%emt 00:00:06]} 3. Bb5+ {[%clk 01:31:19]} {[%emt 00:00:25]} Nd7 {[%clk
01:31:46]} {[%emt 00:00:05]} 4. d4 {[%clk 01:31:23]} {[%emt 00:00:26]} cxd4
{[%clk 01:32:12]} {[%emt 00:00:05]} 5. Qxd4 {[%clk 01:31:47]} {[%emt 00:00:05]}
a6 {[%clk 01:32:35]} {[%emt 00:00:08]} 6. Bxd7+ {[%clk 01:32:02]} {[%emt
00:00:15]} Bxd7 {[%clk 01:32:59]} {[%emt 00:00:05]} 7. Nc3 {[%clk 01:31:57]}
{[%emt 00:00:35]} e5 {[%clk 01:31:56]} {[%emt 00:01:33]} 8. Qd3 {[%clk
01:31:24]} {[%emt 00:01:03]} Rc8 {[%clk 01:31:43]} {[%emt 00:00:42]} 9. Be3
{[%clk 01:19:32]} {[%emt 00:12:24]} Qc7 {[%clk 01:25:15]} {[%emt 00:06:58]} 10.
O-O-O {[%clk 00:57:08]} {[%emt 00:22:53]} Nf6 {[%clk 01:17:32]} {[%emt
00:08:12]} 11. Bg5 {[%clk 00:51:10]} {[%emt 00:06:29]} Ng4 {[%clk 01:12:47]}
{[%emt 00:05:14]} 12. Bh4 {[%clk 00:48:21]} {[%emt 00:03:21]} Qc5 {[%clk
01:05:51]} {[%emt 00:07:25]} 13. Rhf1 {[%clk 00:41:24]} {[%emt 00:07:27]} b5
{[%clk 01:00:49]} {[%emt 00:05:32]} 14. h3 {[%clk 00:38:36]} {[%emt 00:03:19]}
b4 {[%clk 00:56:40]} {[%emt 00:04:39]} 15. Ne2 {[%clk 00:26:01]} {[%emt
00:13:05]} Bb5 {[%clk 00:55:02]} {[%emt 00:02:07]} 16. Qd2 {[%clk 00:26:21]}
{[%emt 00:00:10]} Nf6 {[%clk 00:52:51]} {[%emt 00:02:41]} 17. Bxf6 {[%emt
00:07:49]} gxf6 {[%clk 00:52:49]} {[%emt 00:00:30]} 18. Kb1 {[%clk 00:19:12]}
{[%emt 00:00:22]} Bh6 {[%clk 00:49:17]} {[%emt 00:04:01]} 19. Qxh6 {[%emt
00:00:25]} Bxe2 {[%clk 00:48:37]} {[%emt 00:01:04]} 20. Qd2 {[%clk 00:19:00]}
{[%emt 00:00:54]} Bxf1 {[%clk 00:47:46]} {[%emt 00:01:22]} 21. Rxf1 {[%clk
00:19:21]} {[%emt 00:00:08]} Qc4 {[%clk 00:46:54]} {[%emt 00:01:21]} 22. Re1
{[%clk 00:19:11]} {[%emt 00:00:41]} Rd8 {[%clk 00:44:07]} {[%emt 00:03:16]} 23.
Nh4 {[%clk 00:17:56]} {[%emt 00:01:46]} d5 {[%clk 00:41:27]} {[%emt 00:03:11]}
24. Nf5 {[%clk 00:17:39]} {[%emt 00:00:46]} h5 {[%clk 00:39:07]} {[%emt
00:02:49]} 25. f4 {[%clk 00:16:46]} {[%emt 00:01:24]} d4 {[%clk 00:36:10]}
{[%emt 00:03:27]} 26. fxe5 {[%emt 00:02:08]} fxe5 {[%clk 00:35:39]} 27. Qg5
{[%clk 00:16:00]} {[%emt 00:00:38]} Qc7 {[%clk 00:33:59]} {[%emt 00:02:10]} 28.
Qf6 {[%clk 00:14:55]} {[%emt 00:01:35]} Rf8 {[%clk 00:32:20]} {[%emt 00:02:07]}
29. Ng7+ {[%clk 00:14:08]} {[%emt 00:01:20]} Kd7 {[%clk 00:31:45]} {[%emt
00:01:03]} 30. Qf5+ {[%clk 00:13:23]} {[%emt 00:01:16]} Kc6 {[%clk 00:31:17]}
{[%emt 00:00:58]} 31. Rf1 {[%clk 00:11:59]} {[%emt 00:01:55]} Kb7 {[%clk
00:30:04]} {[%emt 00:01:41]} 32. Qxh5 {[%emt 00:02:10]} Rc8 {[%clk 00:26:52]}
{[%emt 00:03:39]} 33. Qe2 {[%clk 00:09:54]} {[%emt 00:01:00]} Rg8 {[%clk
00:25:13]} {[%emt 00:02:07]} 34. Rf6 {[%clk 00:05:33]} {[%emt 00:04:52]} Ra8
{[%clk 00:23:55]} {[%emt 00:01:47]} 35. Nf5 {[%clk 00:05:06]} {[%emt 00:00:59]}
Rg6 {[%clk 00:20:35]} {[%emt 00:03:48]} 36. Rxg6 {[%clk 00:02:25]} {[%emt
00:03:12]} fxg6 {[%clk 00:20:58]} {[%emt 00:00:07]} 37. Nh4 {[%clk 00:02:42]}
{[%emt 00:00:13]} Qf7 {[%clk 00:20:27]} {[%emt 00:01:00]} 38. Nf3 {[%clk
00:02:46]} {[%emt 00:00:27]} Rf8 {[%clk 00:19:01]} {[%emt 00:01:55]} 39. Qd2
{[%clk 00:02:31]} {[%emt 00:00:45]} Qe7 {[%clk 00:18:52]} {[%emt 00:00:38]} 40.
b3 {[%clk 00:02:04]} {[%emt 00:00:59]} Rf4 {[%clk 00:16:29]} {[%emt 00:02:52]}
41. Qe2 {[%clk 00:26:58]} {[%emt 00:05:35]} Qc5 {[%clk 00:44:39]} {[%emt
00:02:21]} 42. g3 {[%clk 00:17:42]} {[%emt 00:09:48]} Rf6 {[%clk 00:43:15]}
{[%emt 00:01:52]} 43. Nd2 {[%clk 00:16:57]} {[%emt 00:01:16]} Qc3 {[%clk
00:40:13]} {[%emt 00:03:32]} 44. Nc4 {[%clk 00:15:46]} {[%emt 00:01:42]} Qxg3
{[%clk 00:39:35]} {[%emt 00:01:07]} 45. Na5+ {[%clk 00:10:29]} {[%emt
00:05:47]} Ka7 {[%clk 00:36:37]} {[%emt 00:03:27]} 46. a3 {[%clk 00:05:36]}
{[%emt 00:05:25]} Qg1+ {[%clk 00:35:16]} {[%emt 00:01:50]} 47. Ka2 {[%clk
00:05:14]} {[%emt 00:00:52]} Rf1 {[%clk 00:34:33]} {[%emt 00:01:11]} 48. Nc6+
{[%clk 00:04:10]} {[%emt 00:01:36]} Kb6 {[%clk 00:34:35]} {[%emt 00:00:28]} 49.
Nxb4 {[%clk 00:03:15]} {[%emt 00:01:26]} Ra1+ {[%clk 00:34:56]} {[%emt
00:00:08]} 50. Kb2 {[%clk 00:03:43]} {[%emt 00:00:03]} Qb1# {[%emt 00:00:07]}
0-1

[Event "ODJM B 2025"]
[Site "Willingen GER"]
[Date "2025.06.14"]
[Round "9"]
[White "Storey, Cameron"]
[Black "Lattreuter, Alexander"]
[Result "1/2-1/2"]
[Termination "normal"]
[Board "6"]
[WhiteElo "1712"]
[BlackElo "1898"]
[WhiteClock "00:35:33"]
[BlackClock "00:10:21"]
[PlyCount "135"]
[WhiteFideId "343453929"]
[BlackFideId "34678387"]
[EventCountry "GER"]
[EventRounds "9"]
[EventType "swiss"]
[EventDate "2025.06.07"]

1. e4 {[%clk 01:30:57]} {[%emt 00:00:03]} c6 {[%clk 01:30:50]} {[%emt
00:00:11]} 2. d4 {[%clk 01:31:17]} {[%emt 00:00:09]} d5 {[%clk 01:31:17]}
{[%emt 00:00:03]} 3. e5 {[%clk 01:31:42]} {[%emt 00:00:05]} c5 {[%clk
01:31:37]} {[%emt 00:00:10]} 4. dxc5 {[%clk 01:32:05]} {[%emt 00:00:07]} e6
{[%clk 01:32:03]} {[%emt 00:00:04]} 5. a3 {[%clk 01:32:24]} {[%emt 00:00:10]}
a6 {[%clk 01:32:29]} {[%emt 00:00:06]} 6. Bd3 {[%clk 01:30:44]} {[%emt
00:02:09]} Bxc5 {[%clk 01:32:48]} {[%emt 00:00:11]} 7. Nf3 {[%clk 01:30:53]}
{[%emt 00:00:20]} Nc6 {[%clk 01:29:28]} {[%emt 00:03:52]} 8. b4 {[%clk
01:28:33]} {[%emt 00:02:50]} Ba7 {[%clk 01:29:49]} {[%emt 00:00:08]} 9. Bb2
{[%clk 01:28:54]} {[%emt 00:00:09]} Nge7 {[%clk 01:28:19]} {[%emt 00:01:59]}
10. O-O {[%clk 01:29:16]} {[%emt 00:00:09]} Ng6 {[%clk 01:28:38]} {[%emt
00:00:11]} 11. Re1 {[%clk 01:26:22]} {[%emt 00:03:23]} O-O {[%clk 01:28:06]}
{[%emt 00:01:03]} 12. Nbd2 {[%clk 01:25:06]} {[%emt 00:01:46]} Nf4 {[%clk
01:26:38]} {[%emt 00:01:58]} 13. Nf1 {[%clk 01:25:01]} {[%emt 00:00:34]} Qb6
{[%clk 01:25:21]} {[%emt 00:01:47]} 14. Qd2 {[%clk 01:22:53]} {[%emt 00:02:39]}
Nxd3 {[%clk 01:25:31]} {[%emt 00:00:20]} 15. cxd3 {[%clk 01:21:49]} {[%emt
00:01:34]} Bd7 {[%clk 01:22:35]} {[%emt 00:03:26]} 16. Ng3 {[%clk 01:19:49]}
{[%emt 00:02:30]} Rfc8 {[%clk 01:17:56]} {[%emt 00:05:09]} 17. Nh5 {[%clk
01:17:24]} {[%emt 00:02:55]} Ne7 {[%clk 01:12:20]} {[%emt 00:06:06]} 18. Rf1
{[%clk 00:59:39]} {[%emt 00:18:14]} Qd8 {[%clk 00:45:04]} {[%emt 00:27:47]} 19.
g4 {[%clk 00:56:21]} {[%emt 00:03:48]} Ng6 {[%clk 00:43:27]} {[%emt 00:02:07]}
20. Rac1 {[%clk 00:47:55]} {[%emt 00:08:56]} Nh4 {[%clk 00:38:50]} {[%emt
00:05:07]} 21. Nxh4 {[%clk 00:37:59]} {[%emt 00:10:26]} Qxh4 {[%clk 00:38:05]}
{[%emt 00:01:15]} 22. Qf4 {[%clk 00:38:25]} {[%emt 00:00:04]} Bb5 {[%clk
00:36:01]} {[%emt 00:02:34]} 23. Rfd1 {[%clk 00:37:37]} {[%emt 00:01:17]} Rxc1
{[%clk 00:26:12]} {[%emt 00:10:20]} 24. Rxc1 {[%clk 00:38:01]} {[%emt
00:00:06]} Bxd3 {[%clk 00:19:03]} {[%emt 00:07:39]} 25. Rc7 {[%clk 00:36:21]}
{[%emt 00:02:10]} Bg6 {[%clk 00:18:33]} {[%emt 00:01:00]} 26. Ng3 {[%clk
00:36:32]} {[%emt 00:00:18]} h5 {[%clk 00:18:25]} {[%emt 00:00:38]} 27. Rxb7
{[%clk 00:32:09]} {[%emt 00:04:54]} Qxg4 {[%clk 00:18:24]} {[%emt 00:00:31]}
28. Qxg4 {[%clk 00:31:25]} {[%emt 00:01:14]} hxg4 {[%clk 00:18:46]} {[%emt
00:00:08]} 29. Ne2 {[%clk 00:31:20]} {[%emt 00:00:35]} Bd3 {[%clk 00:16:09]}
{[%emt 00:03:07]} 30. Nd4 {[%clk 00:31:39]} {[%emt 00:00:10]} Bxd4 {[%clk
00:14:59]} {[%emt 00:01:40]} 31. Bxd4 {[%clk 00:32:03]} {[%emt 00:00:07]} Rc8
{[%clk 00:14:07]} {[%emt 00:01:22]} 32. Bc5 {[%clk 00:32:28]} {[%emt 00:00:05]}
Be4 {[%clk 00:12:17]} {[%emt 00:02:20]} 33. Rd7 {[%clk 00:32:42]} {[%emt
00:00:16]} a5 {[%clk 00:12:24]} {[%emt 00:00:22]} 34. Kf1 {[%clk 00:32:42]}
{[%emt 00:00:30]} axb4 {[%clk 00:12:34]} {[%emt 00:00:21]} 35. axb4 {[%clk
00:33:07]} {[%emt 00:00:06]} g5 {[%clk 00:11:22]} {[%emt 00:01:41]} 36. Be3
{[%clk 00:28:04]} {[%emt 00:05:32]} Rc4 {[%clk 00:11:21]} {[%emt 00:00:31]} 37.
b5 {[%clk 00:26:46]} {[%emt 00:01:49]} Rb4 {[%clk 00:10:13]} {[%emt 00:01:38]}
38. b6 {[%clk 00:26:28]} {[%emt 00:00:47]} Bf3 {[%clk 00:07:13]} {[%emt
00:03:31]} 39. Ke1 {[%clk 00:26:37]} {[%emt 00:00:21]} Kg7 {[%clk 00:07:00]}
{[%emt 00:00:42]} 40. b7 {[%clk 00:24:25]} {[%emt 00:02:42]} d4 {[%clk
00:07:05]} {[%emt 00:00:26]} 41. Rxd4 {[%clk 00:24:46]} {[%emt 00:00:09]} Rxb7
{[%clk 00:07:16]} {[%emt 00:00:20]} 42. Bxg5 {[%clk 00:24:53]} {[%emt
00:00:22]} Kg6 {[%clk 00:07:01]} {[%emt 00:00:45]} 43. Bf4 {[%clk 00:25:03]}
{[%emt 00:00:18]} f6 {[%clk 00:04:57]} {[%emt 00:02:36]} 44. Bg3 {[%clk
00:23:02]} {[%emt 00:02:31]} fxe5 {[%clk 00:04:05]} {[%emt 00:01:22]} 45. Bxe5
{[%clk 00:23:20]} {[%emt 00:00:12]} Kf5 {[%clk 00:04:25]} {[%emt 00:00:10]} 46.
Bg3 {[%clk 00:23:39]} {[%emt 00:00:11]} e5 {[%clk 00:04:18]} {[%emt 00:00:37]}
47. Ra4 {[%clk 00:23:06]} {[%emt 00:01:04]} Rd7 {[%clk 00:04:34]} {[%emt
00:00:13]} 48. Ra1 {[%clk 00:22:51]} {[%emt 00:00:45]} Rd5 {[%clk 00:03:43]}
{[%emt 00:01:19]} 49. Kf1 {[%clk 00:22:35]} {[%emt 00:00:48]} Ke4 {[%clk
00:02:21]} {[%emt 00:01:52]} 50. Re1+ {[%clk 00:22:36]} {[%emt 00:00:28]} Kd4
{[%clk 00:02:25]} {[%emt 00:00:26]} 51. Re3 {[%clk 00:22:53]} {[%emt 00:00:14]}
Ra5 {[%clk 00:02:12]} {[%emt 00:00:43]} 52. Re1 {[%clk 00:23:09]} {[%emt
00:00:14]} Rc5 {[%clk 00:00:57]} {[%emt 00:01:43]} 53. Re3 {[%clk 00:23:08]}
{[%emt 00:00:32]} e4 {[%clk 00:01:10]} {[%emt 00:00:18]} 54. Bf4 {[%clk
00:23:17]} {[%emt 00:00:20]} Rc6 {[%clk 00:29:29]} {[%emt 00:02:12]} 55. Bg3
{[%clk 00:53:40]} {[%emt 00:00:07]} Rc5 {[%clk 00:28:26]} {[%emt 00:01:33]} 56.
Bf4 {[%clk 00:54:03]} {[%emt 00:00:06]} Rc1+ {[%clk 00:28:44]} {[%emt
00:00:10]} 57. Re1 {[%clk 00:54:25]} {[%emt 00:00:09]} Bg2+ {[%clk 00:28:58]}
{[%emt 00:00:15]} 58. Ke2 {[%clk 00:49:39]} {[%emt 00:05:19]} Rc2+ {[%clk
00:28:11]} {[%emt 00:01:16]} 59. Kd1 {[%clk 00:50:03]} {[%emt 00:00:07]} Ra2
{[%clk 00:27:49]} {[%emt 00:00:52]} 60. Bg3 {[%clk 00:48:09]} {[%emt 00:02:24]}
Bf3+ {[%clk 00:26:30]} {[%emt 00:01:48]} 61. Kc1 {[%clk 00:48:21]} {[%emt
00:00:18]} Be2 {[%clk 00:24:10]} {[%emt 00:02:51]} 62. Kb1 {[%clk 00:46:47]}
{[%emt 00:02:05]} Rd2 {[%clk 00:24:17]} {[%emt 00:00:22]} 63. Rc1 {[%clk
00:45:57]} {[%emt 00:01:19]} Bc4 {[%clk 00:22:40]} {[%emt 00:02:08]} 64. Re1
{[%clk 00:42:32]} {[%emt 00:03:55]} Kc3 {[%clk 00:21:22]} {[%emt 00:01:46]} 65.
Kc1 {[%clk 00:41:51]} {[%emt 00:01:12]} Rc2+ {[%clk 00:21:15]} {[%emt
00:00:38]} 66. Kb1 {[%clk 00:37:42]} {[%emt 00:04:39]} Rb2+ {[%clk 00:15:32]}
{[%emt 00:06:13]} 67. Kc1 {[%clk 00:37:52]} {[%emt 00:00:19]} Rb5 {[%clk
00:10:21]} {[%emt 00:05:41]} 68. Rxe4 {[%clk 00:35:33]} {[%emt 00:02:49]}
1/2-1/2

[Event "ODJM B 2025"]
[Site "Willingen GER"]
[Date "2025.06.14"]
[Round "9"]
[White "Berger, Friedrich Richard"]
[Black "Negru, Maximilian"]
[Result "1-0"]
[Termination "normal"]
[Board "7"]
[WhiteElo "1723"]
[BlackElo "1694"]
[WhiteClock "00:28:12"]
[BlackClock "00:26:48"]
[PlyCount "93"]
[WhiteFideId "34663169"]
[BlackFideId "16298136"]
[EventCountry "GER"]
[EventRounds "9"]
[EventType "swiss"]
[EventDate "2025.06.07"]

1. e4 {[%clk 01:30:57]} {[%emt 00:00:03]} e6 {[%clk 01:30:53]} {[%emt
00:00:08]} 2. d4 {[%clk 01:31:07]} {[%emt 00:00:19]} d5 {[%clk 01:31:20]}
{[%emt 00:00:04]} 3. Nc3 {[%clk 01:31:06]} {[%emt 00:00:31]} Bb4 {[%clk
01:31:45]} {[%emt 00:00:05]} 4. exd5 {[%clk 01:30:47]} {[%emt 00:00:49]} exd5
{[%clk 01:31:51]} {[%emt 00:00:24]} 5. Bd3 {[%clk 01:30:47]} {[%emt 00:00:29]}
c5 {[%clk 01:29:22]} {[%emt 00:03:00]} 6. dxc5 {[%clk 01:28:52]} {[%emt
00:02:25]} d4 {[%clk 01:29:34]} {[%emt 00:00:17]} 7. a3 {[%clk 01:29:02]}
{[%emt 00:00:21]} Ba5 {[%clk 01:27:58]} {[%emt 00:02:07]} 8. b4 {[%clk
01:27:51]} {[%emt 00:01:41]} dxc3 {[%clk 01:27:58]} {[%emt 00:00:29]} 9. bxa5
{[%clk 01:27:49]} {[%emt 00:00:32]} Ne7 {[%clk 01:27:04]} {[%emt 00:01:24]} 10.
Ne2 {[%clk 01:22:35]} {[%emt 00:05:43]} Qxa5 {[%clk 01:27:01]} {[%emt
00:00:34]} 11. Be3 {[%clk 01:22:01]} {[%emt 00:01:03]} Nbc6 {[%clk 01:25:03]}
{[%emt 00:02:28]} 12. O-O {[%clk 01:17:18]} {[%emt 00:05:13]} Be6 {[%clk
01:21:39]} {[%emt 00:03:54]} 13. Nf4 {[%clk 01:12:15]} {[%emt 00:05:33]} Bd7
{[%clk 01:19:03]} {[%emt 00:03:07]} 14. Rb1 {[%clk 01:04:05]} {[%emt 00:08:41]}
O-O-O {[%clk 01:17:45]} {[%emt 00:01:47]} 15. Rb3 {[%clk 01:00:29]} {[%emt
00:04:05]} f5 {[%clk 01:16:48]} {[%emt 00:01:28]} 16. Qb1 {[%clk 00:53:41]}
{[%emt 00:07:18]} Qc7 {[%clk 01:16:53]} {[%emt 00:00:26]} 17. Rxc3 {[%clk
00:46:35]} {[%emt 00:07:35]} g5 {[%clk 01:16:47]} {[%emt 00:00:35]} 18. Ne2
{[%clk 00:45:57]} {[%emt 00:01:07]} f4 {[%clk 01:09:51]} {[%emt 00:07:28]} 19.
Nd4 {[%clk 00:35:32]} {[%emt 00:10:56]} fxe3 {[%clk 01:07:41]} {[%emt
00:02:38]} 20. Nb5 {[%clk 00:35:16]} {[%emt 00:00:47]} exf2+ {[%clk 01:05:47]}
{[%emt 00:02:24]} 21. Kh1 {[%clk 00:35:16]} {[%emt 00:00:29]} Qb8 {[%clk
01:04:54]} {[%emt 00:01:24]} 22. Nd6+ {[%clk 00:35:21]} {[%emt 00:00:25]} Kc7
{[%clk 01:05:18]} {[%emt 00:00:06]} 23. Nb5+ {[%clk 00:35:38]} {[%emt
00:00:13]} Kc8 {[%clk 01:05:39]} {[%emt 00:00:08]} 24. Nd6+ {[%clk 00:35:59]}
{[%emt 00:00:09]} Qxd6 {[%clk 00:54:43]} {[%emt 00:11:26]} 25. cxd6 {[%clk
00:36:06]} {[%emt 00:00:24]} Nd5 {[%clk 00:55:09]} {[%emt 00:00:03]} 26. Rb3
{[%clk 00:32:18]} {[%emt 00:04:17]} Na5 {[%clk 00:53:25]} {[%emt 00:02:15]} 27.
Rxf2 {[%clk 00:29:27]} {[%emt 00:03:22]} Nxb3 {[%clk 00:51:43]} {[%emt
00:02:12]} 28. Qxb3 {[%clk 00:29:19]} {[%emt 00:00:38]} Bc6 {[%clk 00:51:14]}
{[%emt 00:01:00]} 29. Bb5 {[%clk 00:25:19]} {[%emt 00:04:29]} Rhe8 {[%clk
00:45:20]} {[%emt 00:06:23]} 30. h3 {[%emt 00:00:55]} Re3 {[%clk 00:43:23]}
{[%emt 00:02:21]} 31. Qb2 {[%clk 00:22:20]} {[%emt 00:03:10]} g4 {[%clk
00:10:34]} {[%emt 00:33:19]} 32. hxg4 {[%clk 00:13:30]} {[%emt 00:09:20]} Rxd6
{[%clk 00:08:54]} {[%emt 00:02:10]} 33. Bxc6 {[%emt 00:05:23]} Rh6+ {[%clk
00:05:15]} 34. Kg1 {[%clk 00:13:06]} {[%emt 00:00:10]} Rxc6 {[%clk 00:04:11]}
{[%emt 00:01:35]} 35. Qh8+ {[%clk 00:10:36]} {[%emt 00:02:58]} Kc7 {[%clk
00:02:55]} {[%emt 00:01:48]} 36. Rf7+ {[%clk 00:10:01]} {[%emt 00:01:04]} Ne7
{[%clk 00:01:42]} {[%emt 00:01:43]} 37. Qxh7 {[%clk 00:09:15]} {[%emt
00:01:16]} Rce6 {[%clk 00:01:37]} {[%emt 00:00:36]} 38. g5 {[%emt 00:03:02]}
Kd6 {[%clk 00:00:46]} {[%emt 00:01:16]} 39. Rf6 {[%clk 00:06:55]} {[%emt
00:00:22]} Rxa3 {[%clk 00:00:41]} {[%emt 00:00:35]} 40. Rxe6+ {[%clk 00:05:17]}
{[%emt 00:02:09]} Kxe6 {[%clk 00:00:58]} {[%emt 00:00:13]} 41. Qe4+ {[%clk
00:01:41]} {[%emt 00:04:06]} Kf7 {[%clk 00:29:22]} {[%emt 00:02:05]} 42. Qh7+
{[%clk 00:27:33]} {[%emt 00:04:38]} Ke6 {[%clk 00:29:11]} {[%emt 00:00:41]} 43.
g6 {[%clk 00:27:42]} {[%emt 00:00:20]} Rg3 {[%clk 00:27:44]} {[%emt 00:01:58]}
44. Qf7+ {[%clk 00:27:58]} {[%emt 00:00:14]} Kd7 {[%clk 00:27:41]} {[%emt
00:00:33]} 45. g7 {[%clk 00:27:39]} {[%emt 00:00:48]} Rg6 {[%clk 00:26:24]}
{[%emt 00:01:47]} 46. Qxg6 {[%clk 00:27:50]} {[%emt 00:00:21]} Nxg6 {[%clk
00:26:48]} {[%emt 00:00:06]} 47. g8=Q {[%clk 00:28:12]} {[%emt 00:00:07]} 1-0